| Tag |
First Indicator |
Second Indicator |
Subfields |
| LEADER |
00000cam a2200000 a 4500 |
| 001 |
in00000771813 |
| 005 |
20151017050518.0 |
| 008 |
880425s1988 msua b s00010 eng |
| 010 |
|
|
|a 88014345
|
| 020 |
|
|
|a 0878053654
|
| 035 |
|
|
|a (OCoLC)17917773
|
| 035 |
|
|
|9 ADK0933AM
|
| 040 |
|
|
|a DLC
|c DLC
|d TXA
|d UtOrBLW
|
| 043 |
|
|
|a n-us---
|
| 049 |
|
|
|a TXAM
|c [A11723448]
|
| 050 |
0 |
0 |
|a E468.7
|b .M94 1988
|
| 082 |
0 |
|
|a 973.7
|2 19
|
| 100 |
1 |
|
|a Muench, David.
|
| 245 |
1 |
0 |
|a Landscapes of battle :
|b the Civil War /
|c photographs by David Muench ; text by Michael B. Ballard.
|
| 264 |
|
1 |
|a Jackson [Miss.] :
|b University Press of Mississippi,
|c [1988]
|
| 264 |
|
4 |
|c ©1988
|
| 300 |
|
|
|a xvii, 141 pages :
|b illustrations (chiefly color) ;
|c 32 cm.
|
| 336 |
|
|
|a text
|b txt
|2 rdacontent
|
| 337 |
|
|
|a unmediated
|b n
|2 rdamedia
|
| 338 |
|
|
|a volume
|b nc
|2 rdacarrier
|
| 504 |
|
|
|a Bibliography: page 141.
|
| 651 |
|
0 |
|a United States
|x History
|y Civil War, 1861-1865
|v Pictorial works.
|
| 651 |
|
0 |
|a United States
|x History
|y Civil War, 1861-1865
|x Battlefields
|x Pictorial works.
|
| 700 |
1 |
|
|a Ballard, Michael B.
|
| 999 |
|
|
|a MARS
|
| 999 |
f |
f |
|s f0dd069b-b7f2-364b-a712-3e39935505a9
|i 15e1d8c7-60ca-3855-a638-54e635e1625c
|t 0
|
| 952 |
f |
f |
|p ric
|a Texas A&M University
|b Rellis Campus
|c Joint Library Facility
|d Remote Storage
|t 0
|e E468.7 .M94 1988
|h Library of Congress classification
|i unmediated -- volume
|m A14811723448
|
| 998 |
f |
f |
|a E468.7 .M94 1988
|t 0
|l Remote Storage
|